Porovnanie Európskeho systému národných a regionálnych účtov ESA 95 s novým medzinárodne porovnateľným účtovným rámcom ESA 2010

Hlavné zmeny v metodike systému národných účtov ESA 2010. Výskum a vývoj uznaný ako tvorba kapitálu. Ocenenie trhovej produkcie pre vlastné konečné použitie pre trhových výrobcov. Neživotné poistenie – produkcia, poistné nároky v dôsledku katastrof a zaistenie. Zbraňové systémy v sektore verejnej sp...

Description complète

Enregistré dans:
Détails bibliographiques
Auteur principal: Staríčková, Zuzana
Format: Chapitre de livre
Langue:slovaque
Sujets:
Tags: Ajouter un tag
Pas de tags, Soyez le premier à ajouter un tag!

MARC

LEADER 00000nla a2200000 4500
001 0200464
005 20240502073405.4
041 0 |a slo 
044 |a SK 
245 1 0 |a Porovnanie Európskeho systému národných a regionálnych účtov ESA 95 s novým medzinárodne porovnateľným účtovným rámcom ESA 2010  |c Zuzana Staríčková 
520 |a Hlavné zmeny v metodike systému národných účtov ESA 2010. Výskum a vývoj uznaný ako tvorba kapitálu. Ocenenie trhovej produkcie pre vlastné konečné použitie pre trhových výrobcov. Neživotné poistenie – produkcia, poistné nároky v dôsledku katastrof a zaistenie. Zbraňové systémy v sektore verejnej správy uznané ako kapitálové aktíva. Náklady na vyradenie veľkých kapitálových aktív. Sektorová klasifikácia štátnych, verejných a súkromných jednotiek. 
610 2 0 |a účty národné 
610 2 0 |a Európska únia 
610 2 0 |a harmonizácia 
610 2 0 |a štandardy účtovné medzinárodné 
100 1 |a Staríčková, Zuzana